00501nam a22001577a 450000500170000001000150001702000260003203700130005808200110007124500950008226000450017727000460022230000290026850000190029770000270031620170222130125.0 aENG-117298 a9789383252664c650.00 bDBAD/PUB a305.42 aIndian women :bsocio economic and gender perspectives /cedited by Sushanta Kumar Kashyap aEBH (Eastren Book House)bGuwahti c2015 a136,M.N. Road,Panbazar,bGuwahti e781001 ax,152p. :billc22cm(Hb) aIncludes index aKashyap,Sushanta Kumar